000 00331cam a22001097a 4500
008 180718b1966 xxu||||| |||| 00| 0 eng d
082 _aL1x5453 K45m
245 _aThe Kerala budget manual
_cby Finance Department, Kerala
260 _aTrivandrum
_bThe Government Press
_c1966
300 _a331+p.
700 _aKerala. Finance Department
999 _c500455
_d500455